[Event "Liga Insular Gran Canaria 1a"]
[Site "Las Palmas"]
[Date "2019.04.06"]
[Round "5.3"]
[White "Ruiz Delgado, Basilio"]
[Black "Gutierrez Diaz, Kevin"]
[Result "0-1"]
[WhiteElo "1663"]
[BlackElo "1734"]
[PlyCount "64"]
[EventDate "2019.03.02"]
[EventType "team-tourn"]
[EventRounds "7"]
[EventCountry "ESP"]
[SourceTitle "EXT 2021"]
[Source "ChessBase"]
[SourceDate "2020.10.23"]
[SourceVersion "1"]
[SourceVersionDate "2020.10.23"]
[SourceQuality "1"]
[WhiteTeam "Hotel Avda de Canarias III"]
[BlackTeam "Sociedad La Montana II"]
[WhiteTeamCountry "ESP"]
[BlackTeamCountry "ESP"]

1. Nf3 e6 2. d3 d5 3. g3 f5 4. Bg2 Nf6 5. 0-0 Bd6 6. Nbd2 0-0 7. e4 fxe4 8. dxe4 Nbd7 9. Re1 dxe4 10. Nxe4 Nxe4 11. Rxe4 e5 12. Bg5 Qe8 13. Qd5+ Kh8 14. Rae1 Nc5 15. Rxe5 Qg6 16. R5e2 Bg4 17. Ne5 Bxe5 18. Rxe5 Nd7 19. Re7 Nb6 20. Qd2 Rad8 21. Qc1 h6 22. Bd2 Qf5 23. f4 Nd5 24. R7e5 Qf7 25. c4 Nf6 26. Re7 Qh5 27. Bc3 Bf3 28. Bxf6 gxf6 29. Qe3 Bxg2 30. Kxg2 Rd1 31. Re8 Rd2+ 32. Re2 Rxe2+ 0-1

[Event "Gran Canaria Santana Memorial 5th"]
[Site "Gran Canaria"]
[Date "2017.02.07"]
[Round "2"]
[White "Ruiz Delgado, Basilio"]
[Black "Sosa Suarez, Carla Cristina"]
[Result "1-0"]
[WhiteElo "1694"]
[BlackElo "1865"]
[PlyCount "109"]
[EventDate "2017.02.03"]
[EventType "swiss"]
[EventRounds "7"]
[EventCountry "ESP"]
[SourceTitle "CBM 177 Extra"]
[Source "ChessBase"]
[SourceDate "2017.04.27"]
[SourceVersion "1"]
[SourceVersionDate "2017.04.27"]
[SourceQuality "1"]

1. Nf3 e6 2. c4 Nf6 3. Nc3 d5 4. e3 c5 5. cxd5 exd5 6. d4 Nc6 7. Be2 Be7 8. dxc5 Bxc5 9. 0-0 0-0 10. Nb5 Bf5 11. Nbd4 Bg6 12. b3 Rc8 13. Bb2 Bd6 14. Rc1 h6 15. Nxc6 bxc6 16. Ne5 Ne4 17. Nxc6 Qh4 18. h3 Nxf2 19. Rxf2 Qg3 20. Rf3 Qh2+ 21. Kf2 Be4 22. Qg1 Qxg1+ 23. Kxg1 Bxf3 24. Bxf3 f5 25. Bxd5+ Kh7 26. Nxa7 Rxc1+ 27. Bxc1 Bc5 28. Nb5 f4 29. Nd4 Rd8 30. Be4+ g6 31. Kf2 fxe3+ 32. Bxe3 Bxd4 33. Bxd4 Rxd4 34. Ke3 Rd1 35. a4 Ra1 36. Kd4 Kg7 37. Kc5 Kf6 38. Kb6 Re1 39. Bd5 Ke5 40. Bc4 Kd6 41. a5 Re8 42. Ba6 Re4 43. Bb5 Rb4 44. a6 Rxb3 45. a7 Ra3 46. Kb7 Rxa7+ 47. Kxa7 Ke5 48. Kb6 g5 49. Be2 Kf4 50. Kc5 Kg3 51. Bf3 h5 52. Bxh5 Kxg2 53. Bg4 Kg3 54. Kd5 Kf4 55. Kd6 1-0

[Event "Las Palmas Insular-chT Segunda-A 1617"]
[Site "Las Palmas"]
[Date "2016.12.17"]
[Round "7.3"]
[White "Ruiz Delgado, Basilio"]
[Black "Dominguez Gutierrez, Juan C"]
[Result "1/2-1/2"]
[WhiteElo "1690"]
[BlackElo "1545"]
[PlyCount "37"]
[EventDate "2016.10.22"]
[EventType "team-tourn"]
[EventRounds "14"]
[EventCountry "ESP"]
[SourceTitle "EXT 2018"]
[Source "ChessBase"]
[SourceDate "2017.10.13"]
[SourceVersion "1"]
[SourceVersionDate "2017.10.13"]
[SourceQuality "1"]
[WhiteTeam "Fundacion La Caja de Canarias III"]
[BlackTeam "Villa de Teror IV"]
[WhiteTeamCountry "ESP"]
[BlackTeamCountry "ESP"]

1. e4 c5 2. Nf3 d6 3. d4 cxd4 4. Nxd4 Nf6 5. Nc3 a6 6. Be2 e5 7. Nb3 Be6 8. f4 Qc7 9. g4 Bc4 10. g5 Nfd7 11. f5 Bxe2 12. Qxe2 Nb6 13. Be3 N8d7 14. 0-0-0 Be7 15. h4 0-0-0 16. Rd3 Nc5 17. Nxc5 dxc5 18. Rhd1 Rxd3 19. Rxd3 1/2-1/2

[Event "Las Palmas Insular-chT Segunda-A 1617"]
[Site "Las Palmas"]
[Date "2016.11.19"]
[Round "5.2"]
[White "Mengibar Martinez, Manuel"]
[Black "Ruiz Delgado, Basilio"]
[Result "0-1"]
[WhiteElo "1608"]
[BlackElo "1690"]
[PlyCount "60"]
[EventDate "2016.10.22"]
[EventType "team-tourn"]
[EventRounds "14"]
[EventCountry "ESP"]
[SourceTitle "EXT 2018"]
[Source "ChessBase"]
[SourceDate "2017.10.13"]
[SourceVersion "1"]
[SourceVersionDate "2017.10.13"]
[SourceQuality "1"]
[WhiteTeam "San Mateo Servitel"]
[BlackTeam "Fundacion La Caja de Canarias III"]
[WhiteTeamCountry "ESP"]
[BlackTeamCountry "ESP"]

1. e4 c5 2. Nf3 a6 3. d4 cxd4 4. Nxd4 Nf6 5. Nc3 e5 6. Nf5 d5 7. Ng3 Bb4 8. Bd2 d4 9. Nce2 Bd6 10. f4 Nc6 11. fxe5 Bxe5 12. Nf4 0-0 13. Bd3 Bg4 14. Qc1 Rc8 15. 0-0 h5 16. Nfe2 h4 17. Nf5 Bxe2 18. Bxe2 Nxe4 19. Bd3 Nxd2 20. Qxd2 Bf6 21. Qf2 Ne5 22. Qf4 Nxd3 23. cxd3 Bg5 24. Qd6 Be3+ 25. Kh1 Qxd6 26. Nxd6 Rc2 27. Rab1 b5 28. Rfd1 f5 29. Nb7 Rf6 30. Na5 Rg6 0-1

[Event "Gran Canaria Dominguez Memorial 3rd"]
[Site "Gran Canaria"]
[Date "2016.06.07"]
[Round "7"]
[White "Perdomo Suarez, Juan Manuel"]
[Black "Ruiz Delgado, Basilio"]
[Result "1-0"]
[WhiteElo "1433"]
[BlackElo "1787"]
[PlyCount "89"]
[EventDate "2016.05.17"]
[EventType "swiss"]
[EventRounds "7"]
[EventCountry "ESP"]
[SourceTitle "CBM 172 Extra"]
[Source "ChessBase"]
[SourceDate "2016.06.21"]
[SourceVersion "1"]
[SourceVersionDate "2016.06.21"]
[SourceQuality "1"]

1. e4 e5 2. Nf3 Nc6 3. Bb5 f5 4. d3 fxe4 5. dxe4 Nf6 6. Nbd2 Bc5 7. 0-0 d6 8. h3 0-0 9. Re1 Kh8 10. Nf1 Nd4 11. Nxd4 Bxd4 12. c3 Bxf2+ 13. Kxf2 Nxe4+ 14. Kg1 Qh4 15. Re3 Qf2+ 16. Kh1 Qh4 17. Qe1 Nf2+ 18. Kh2 Be6 19. Nd2 Qh5 20. Qe2 Bg4 21. Qe1 Be6 22. Be2 Qh6 23. Rf3 Rxf3 24. Bxf3 Nxh3 25. gxh3 Qxh3+ 26. Kg1 Rf8 27. Qf1 Qg3+ 28. Qg2 Qe1+ 29. Nf1 Rf6 30. Qe2 Rg6+ 31. Kh1 Qh4+ 32. Nh2 Bc4 33. Qe4 Qg3 34. Be3 d5 35. Qc2 e4 36. Rg1 Qh3 37. Rxg6 hxg6 38. Qg2 Qh4 39. Bg4 Qe1+ 40. Qg1 Qh4 41. b3 Bb5 42. Be6 Bc6 43. Qxg6 Qe1+ 44. Qg1 Qxc3 45. Bd4 1-0

[Event "Gran Canaria Dominguez Memorial 3rd"]
[Site "Gran Canaria"]
[Date "2016.05.26"]
[Round "4"]
[White "Ruiz Delgado, Basilio"]
[Black "Medina Suarez, Jose Roman"]
[Result "1-0"]
[WhiteElo "1787"]
[BlackElo "1567"]
[PlyCount "103"]
[EventDate "2016.05.17"]
[EventType "swiss"]
[EventRounds "7"]
[EventCountry "ESP"]
[SourceTitle "CBM 172 Extra"]
[Source "ChessBase"]
[SourceDate "2016.06.21"]
[SourceVersion "1"]
[SourceVersionDate "2016.06.21"]
[SourceQuality "1"]

1. e4 e6 2. Qe2 a6 3. d4 Be7 4. Nf3 d6 5. Nc3 Bd7 6. g3 Nf6 7. Bg2 Bc6 8. 0-0 0-0 9. Re1 Re8 10. b3 b5 11. a3 Bb7 12. Bb2 h6 13. Rad1 Nbd7 14. h3 Rb8 15. Nh2 Nh7 16. Qg4 Ndf6 17. Qe2 Qc8 18. d5 e5 19. Nf1 Qd8 20. Ne3 Bc8 21. Qd2 Bd7 22. g4 Qc8 23. Ne2 Nf8 24. f4 exf4 25. Nxf4 N6h7 26. Nh5 f6 27. Nf4 Ng5 28. Nf5 Bd8 29. Nh5 Ng6 30. Nhxg7 Ne5 31. Kh1 Rf8 32. Rf1 Rf7 33. h4 Rxg7 34. Nxg7 Kxg7 35. hxg5 hxg5 36. Bxe5 dxe5 37. Bf3 Bxg4 38. Bxg4 Qxg4 39. Qg2 Qh5+ 40. Kg1 Be7 41. b4 a5 42. c3 axb4 43. axb4 Bd6 44. Rd3 Ra8 45. Rdf3 Be7 46. Rh3 Qg6 47. Qg4 Rh8 48. Rxh8 Kxh8 49. Rf3 Bf8 50. Qc8 Qg7 51. Rh3+ Kg8 52. Qe6+ 1-0

[Event "Las Palmas Montalvo Memorial 09th"]
[Site "Las Palmas"]
[Date "2016.03.22"]
[Round "2"]
[White "Safranska, Anda"]
[Black "Ruiz Delgado, Basilio"]
[Result "1-0"]
[WhiteElo "2222"]
[BlackElo "1762"]
[PlyCount "63"]
[EventDate "2016.03.21"]
[EventType "swiss"]
[EventRounds "9"]
[EventCountry "ESP"]
[SourceTitle "EXT 2018"]
[Source "ChessBase"]
[SourceDate "2017.10.13"]
[SourceVersion "1"]
[SourceVersionDate "2017.10.13"]
[SourceQuality "1"]

1. e4 c5 2. Nf3 d6 3. Bc4 e6 4. 0-0 Nf6 5. Re1 Be7 6. d3 0-0 7. Bb3 Nc6 8. c3 Qc7 9. Nbd2 b6 10. Nf1 Bb7 11. Ng3 Rad8 12. d4 d5 13. e5 Ne4 14. Be3 f5 15. exf6 Bxf6 16. dxc5 bxc5 17. Nxe4 dxe4 18. Bxe6+ Kh8 19. Nd2 Ne5 20. Qc2 Qc6 21. Bf5 Nf3+ 22. gxf3 exf3 23. Kh1 Qe8 24. Bxc5 Qh5 25. Bxf8 Rxf8 26. Nf1 Bh4 27. Bd7 g5 28. Re5 Rf7 29. Rd1 Kg7 30. c4 Bc6 31. Bxc6 Qg4 32. Ne3 1-0

[Event "Gran Canaria Santana Memorial 4th"]
[Site "Gran Canaria"]
[Date "2015.11.20"]
[Round "1"]
[White "Gimenez Aldecocea, Jorge"]
[Black "Ruiz Delgado, Basilio"]
[Result "0-1"]
[WhiteElo "1231"]
[BlackElo "1746"]
[PlyCount "80"]
[EventDate "2015.11.20"]
[EventType "swiss"]
[EventRounds "9"]
[EventCountry "ESP"]
[SourceTitle "EXT 2017"]
[Source "ChessBase"]
[SourceDate "2016.10.25"]
[SourceVersion "1"]
[SourceVersionDate "2016.10.25"]
[SourceQuality "1"]

1. d4 Nf6 2. Bf4 g6 3. Nf3 Bg7 4. e3 c5 5. c4 0-0 6. Nc3 cxd4 7. exd4 d5 8. Be2 dxc4 9. Bxc4 Bg4 10. 0-0 Qb6 11. Bb3 Nc6 12. d5 Na5 13. Be3 Qb4 14. Qd4 Qxd4 15. Nxd4 Nxb3 16. Nxb3 Rfd8 17. f3 Bf5 18. Rfd1 Bc2 19. Rd2 Bxb3 20. axb3 a6 21. Rad1 Ne8 22. Bc5 Nd6 23. Re2 Rd7 24. Ne4 Nb5 25. d6 Be5 26. Red2 exd6 27. Nxd6 Nxd6 28. Bxd6 Rad8 29. Bb4 Rxd2 30. Rxd2 Rxd2 31. Bxd2 Bxb2 32. Kf1 Kg7 33. Ke2 Kf6 34. Kd3 Ke5 35. Kc4 Bd4 36. Kd3 Kd5 37. Be1 b6 38. Bd2 Bg1 39. h3 a5 40. g4 Bc5 0-1

[Event "Las Palmas Insular-chT Primera-A"]
[Site "Las Palmas"]
[Date "2015.10.17"]
[Round "1.2"]
[White "Kleine, Peter"]
[Black "Ruiz Delgado, Basilio"]
[Result "0-1"]
[WhiteElo "1647"]
[BlackElo "1751"]
[PlyCount "112"]
[EventDate "2015.10.17"]
[EventType "team-tourn"]
[EventRounds "14"]
[EventCountry "ESP"]
[SourceTitle "CBM 170 Extra"]
[Source "ChessBase"]
[SourceDate "2016.02.25"]
[SourceVersion "1"]
[SourceVersionDate "2016.02.25"]
[SourceQuality "1"]
[WhiteTeam "Tres W "]
[BlackTeam "La Caja de Canarias III"]
[WhiteTeamCountry "ESP"]
[BlackTeamCountry "ESP"]

1. e4 c5 2. Bc4 e6 3. Nc3 a6 4. a4 d6 5. Nge2 Nf6 6. 0-0 Nxe4 7. Nxe4 d5 8. Bxd5 exd5 9. N4g3 Be7 10. d4 c4 11. Re1 0-0 12. c3 Re8 13. b3 Nd7 14. bxc4 dxc4 15. Nf4 Nf6 16. h3 Bd7 17. d5 Bd6 18. Rxe8+ Qxe8 19. Be3 Ne4 20. Nxe4 Qxe4 21. Qd2 Re8 22. a5 h6 23. g4 Qf3 24. Qe2 Rxe3 25. fxe3 Qg3+ 26. Kf1 Bxf4 27. exf4 Qxh3+ 28. Qg2 Qxc3 29. Ra2 Qc1+ 30. Ke2 Qxf4 31. Kd1 Bxg4+ 32. Kc2 Bf3 33. Qd2 Qxd2+ 34. Kxd2 Bxd5 35. Rc2 Kf8 36. Ke3 Ke7 37. Kd4 Ke6 38. Rb2 h5 39. Rb6+ Bc6 40. Kxc4 h4 41. Kd4 h3 42. Rb2 g5 43. Ke3 g4 44. Kf4 Bg2 45. Kg3 f5 46. Rf2 Ke5 47. Re2+ Kd4 48. Rf2 Bf3 49. Kf4 Kd5 50. Rd2+ Kc6 51. Rf2 Kb5 52. Ra2 Bg2 53. Kg3 f4+ 54. Kh2 g3+ 55. Kg1 Bd5 56. Rg2 h2+ 0-1

[Event "Canarias-chT"]
[Site "Vecindario"]
[Date "2015.06.12"]
[Round "2.3"]
[White "Ruiz Delgado, Basilio"]
[Black "Rodriguez Ferraz, Borja"]
[Result "0-1"]
[WhiteElo "1736"]
[BlackElo "2213"]
[PlyCount "86"]
[EventDate "2015.06.11"]
[EventType "team-swiss"]
[EventRounds "6"]
[EventCountry "ESP"]
[SourceTitle "EXT 2024"]
[Source "ChessBase"]
[SourceDate "2023.10.10"]
[SourceVersion "1"]
[SourceVersionDate "2023.10.10"]
[SourceQuality "1"]
[WhiteTeam "La Caja de Canarias"]
[BlackTeam "Hotel Avda de Canarias"]
[WhiteTeamCountry "ESP"]
[BlackTeamCountry "ESP"]

1. e4 e5 2. Nf3 Nc6 3. d4 exd4 4. Nxd4 Nf6 5. Nxc6 bxc6 6. e5 Qe7 7. Qe2 Nd5 8. c4 Ba6 9. g3 g5 10. b3 Bg7 11. Bb2 0-0-0 12. Bg2 Rde8 13. 0-0 Nb6 14. Re1 Bb7 15. a4 d6 16. Bh3+ Kb8 17. a5 Nd7 18. e6 fxe6 19. a6 Bc8 20. Bxg7 Qxg7 21. Nd2 Rhf8 22. c5 Nxc5 23. b4 Nd7 24. b5 Nb6 25. Nc4 Nxc4 26. Qxc4 c5 27. Bg2 Qd4 28. Qc2 c4 29. Bc6 Rd8 30. Rad1 Qc5 31. Re4 d5 32. Re5 h6 33. Kg2 Rf6 34. Rde1 Rdf8 35. R1e2 Qd4 36. Qa2 Rf5 37. Rxf5 Rxf5 38. Bb7 Bxb7 39. axb7 e5 40. Qa6 Qb6 41. Rc2 e4 42. h3 Rf3 43. Rd2 c3 0-1

[Event "Las Palmas Insular-chT Pref-B"]
[Site "Las Palmas"]
[Date "2015.03.28"]
[Round "12.2"]
[White "Ruiz Delgado, Basilio"]
[Black "Roque Hernandez, Francisco"]
[Result "1/2-1/2"]
[WhiteElo "1736"]
[BlackElo "1421"]
[PlyCount "30"]
[EventDate "2014.11.22"]
[EventType "team-tourn"]
[EventRounds "14"]
[EventCountry "ESP"]
[SourceTitle "EXT 2016"]
[Source "ChessBase"]
[SourceDate "2015.10.08"]
[SourceVersion "1"]
[SourceVersionDate "2015.10.08"]
[SourceQuality "1"]
[WhiteTeam "La Caja de Canarias II"]
[BlackTeam "La Bagacera II"]
[WhiteTeamCountry "ESP"]
[BlackTeamCountry "ESP"]

1. e4 f5 2. exf5 Nf6 3. Nc3 d5 4. d4 Bxf5 5. Nf3 c6 6. Be2 Nbd7 7. 0-0 Qc7 8. b4 e5 9. dxe5 Nxe5 10. b5 Bd6 11. Nd4 Bd7 12. bxc6 bxc6 13. h3 0-0 14. Be3 Qc8 15. Nf3 Bxh3 1/2-1/2

[Event "Las Palmas Insular-chT Primera-B"]
[Site "Las Palmas"]
[Date "2014.03.29"]
[Round "13.2"]
[White "Ruiz Delgado, Basilio"]
[Black "Rodriguez Manzaneda, Irene"]
[Result "1/2-1/2"]
[WhiteElo "1723"]
[BlackElo "1706"]
[PlyCount "57"]
[EventDate "2013.11.09"]
[EventType "team-tourn"]
[EventRounds "14"]
[EventCountry "ESP"]
[SourceTitle "EXT 2015"]
[Source "ChessBase"]
[SourceDate "2014.11.20"]
[SourceVersion "1"]
[SourceVersionDate "2014.11.20"]
[SourceQuality "1"]
[WhiteTeam "La Caja de Canarias "]
[BlackTeam "Telde Los Llanos"]
[WhiteTeamCountry "ESP"]
[BlackTeamCountry "ESP"]

1. e4 c5 2. Nf3 Nc6 3. Bb5 e6 4. Bxc6 bxc6 5. b3 d6 6. e5 d5 7. 0-0 Nh6 8. d3 Nf5 9. c4 Be7 10. Nc3 f6 11. Na4 Qc7 12. Bf4 g5 13. exf6 gxf4 14. fxe7 Qxe7 15. cxd5 cxd5 16. Rc1 Rg8 17. Qd2 Qg7 18. g3 fxg3 19. fxg3 h5 20. Qf4 Qe7 21. Nxc5 Rg4 22. Qe5 Rg6 23. Nd4 Nxd4 24. Qxd4 h4 25. Qa4+ Kd8 26. Qa5+ Ke8 27. Qa4+ Kd8 28. Qa5+ Ke8 29. Qa4+ 1/2-1/2

[Event "Gran Canaria Dominguez Memoral 1st"]
[Site "Gran Canaria"]
[Date "2014.03.27"]
[Round "4"]
[White "Galvan Sarmiento, Jose Luis"]
[Black "Ruiz Delgado, Basilio"]
[Result "1-0"]
[WhiteElo "1978"]
[BlackElo "1711"]
[PlyCount "99"]
[EventDate "2014.03.17"]
[EventType "swiss"]
[EventRounds "7"]
[EventCountry "ESP"]
[SourceTitle "EXT 2015"]
[Source "ChessBase"]
[SourceDate "2014.11.20"]
[SourceVersion "1"]
[SourceVersionDate "2014.11.20"]
[SourceQuality "1"]

1. d4 d5 2. Nf3 Nf6 3. Bf4 c5 4. e3 Qb6 5. Qc1 cxd4 6. exd4 Bg4 7. Nbd2 Nc6 8. c3 e6 9. Bd3 Be7 10. h3 Bh5 11. Qc2 Rc8 12. Qb3 Qxb3 13. axb3 a6 14. b4 Bg6 15. Be2 0-0 16. 0-0 Ne4 17. Nb3 h6 18. Nc5 Nxc5 19. bxc5 f6 20. Rfe1 e5 21. dxe5 fxe5 22. Nxe5 Nxe5 23. Bxe5 Bxc5 24. Bg3 d4 25. Bf3 dxc3 26. bxc3 Ba7 27. Re7 Rf7 28. Bd5 Rxc3 29. Bxf7+ Bxf7 30. Rxb7 Rxg3 31. Rxa7 Rg6 32. R1xa6 Rxa6 33. Rxa6 Kh7 34. f4 Bc4 35. Rb6 Bd3 36. Kf2 Be4 37. g4 Bc2 38. Ke3 Bd1 39. f5 Kg8 40. Kf4 Kf7 41. Ke5 Bf3 42. Ra6 Bg2 43. Ra7+ Kg8 44. h4 Bf3 45. g5 hxg5 46. hxg5 Be2 47. g6 Kf8 48. Kd6 Bb5 49. Ra8+ Be8 50. Rb8 1-0

[Event "Las Palmas op 34th"]
[Site "Las Palmas"]
[Date "2013.12.07"]
[Round "7"]
[White "Martin Perez, Francisco Javier"]
[Black "Ruiz Delgado, Basilio"]
[Result "1/2-1/2"]
[WhiteElo "2036"]
[BlackElo "1723"]
[PlyCount "20"]
[EventDate "2013.12.02"]
[EventType "swiss"]
[EventRounds "9"]
[EventCountry "ESP"]
[SourceTitle "CBM 157 Extra"]
[Source "ChessBase"]
[SourceDate "2013.12.19"]
[SourceVersion "1"]
[SourceVersionDate "2013.12.19"]
[SourceQuality "1"]

1. e4 c5 2. c3 d5 3. exd5 Qxd5 4. d4 cxd4 5. cxd4 Nc6 6. Nf3 e6 7. Be2 Nf6 8. 0-0 Be7 9. Nc3 Qd8 10. h3 0-0 1/2-1/2

[Event "Las Palmas op 34th"]
[Site "Las Palmas"]
[Date "2013.12.04"]
[Round "3"]
[White "Ruiz Delgado, Basilio"]
[Black "Rodriguez Melian, Jose Luis"]
[Result "0-1"]
[WhiteElo "1723"]
[BlackElo "2068"]
[PlyCount "106"]
[EventDate "2013.12.02"]
[EventType "swiss"]
[EventRounds "9"]
[EventCountry "ESP"]
[SourceTitle "CBM 157 Extra"]
[Source "ChessBase"]
[SourceDate "2013.12.19"]
[SourceVersion "1"]
[SourceVersionDate "2013.12.19"]
[SourceQuality "1"]

1. d4 Nf6 2. c4 g6 3. Nc3 d5 4. cxd5 Nxd5 5. e4 Nxc3 6. bxc3 c5 7. Bg5 Bg7 8. Rc1 0-0 9. Nf3 h6 10. Be3 Qa5 11. Qd2 cxd4 12. cxd4 Qxd2+ 13. Bxd2 Bg4 14. Rc7 Bxf3 15. gxf3 Nc6 16. d5 Nd4 17. Be2 Rfc8 18. Rxe7 Rc2 19. Bd1 Rxa2 20. Rxb7 Ra1 21. 0-0 a5 22. Be3 a4 23. Rb4 Rxd1 24. Rxd1 Nc2 25. Rc4 Nxe3 26. fxe3 a3 27. Rcc1 a2 28. Ra1 Kf8 29. Kf2 Ke7 30. f4 Bxa1 31. Rxa1 Kd6 32. Ke2 Kc5 33. Kd2 f5 34. e5 Kxd5 35. Kc2 g5 36. Kb2 g4 37. Rd1+ Ke4 38. Ka1 Kxe3 39. Rf1 Ke2 40. Rg1 Kf3 41. Re1 Kxf4 42. e6 Kg5 43. e7 Re8 44. Kxa2 Kf6 45. Re2 Rxe7 46. Rf2 Kg5 47. Kb3 f4 48. Kc4 f3 49. Kd3 Kf4 50. Kd2 h5 51. Kd3 h4 52. Kd2 g3 53. hxg3+ hxg3 0-1